Entropy-driven processes in biology: polymerization of tobacco mosaic virus protein and similar reactions /

Bibliographic Details
Main Author: Lauffer, Max A. (Max Augustus), 1914-
Format: Book
Language:English
Published: Berlin, New York : Springer-Verlag, 1975.
Series:Molecular biology, biochemistry, and biophysics ; v. 20.
Subjects:

MARC

Tag First Indicator Second Indicator Subfields
LEADER 00000pam a2200000 4500
001 in00000468621
005 20151013050421.0
008 740826s1975 wb a b 00110 eng
010 |a  74018267  
015 |a GFR*** 
020 |a 038706933X 
035 |a (OCoLC)01046089 
035 |9 ACA3493AM 
040 |a DLC  |c DLC  |d TXA  |d UtOrBLW 
049 |a TXAM  |c [1412004] 
050 0 0 |a QR467  |b .L38 
060 0 |a WL M0195T no. 20  |b SB736 L373e 
082 0 |a 576/.6483 
100 1 |a Lauffer, Max A.  |q (Max Augustus),  |d 1914- 
245 1 0 |a Entropy-driven processes in biology: polymerization of tobacco mosaic virus protein and similar reactions /  |c [by] Max A. Lauffer. 
264 1 |a Berlin,  |a New York :  |b Springer-Verlag,  |c 1975. 
300 |a x, 264 pages :  |b illustrations ;  |c 25 cm. 
336 |a text  |b txt  |2 rdacontent 
337 |a unmediated  |b n  |2 rdamedia 
338 |a volume  |b nc  |2 rdacarrier 
490 1 |a Molecular biology, biochemistry, and biophysics ;  |v v. 20 
504 |a Includes bibliographical references. 
650 0 |a Tobacco mosaic virus. 
650 0 |a Entropy. 
650 0 |a Biochemistry. 
650 2 |a Polymers. 
650 2 |a Proteins. 
650 2 |a Tobacco Mosaic Virus. 
650 2 |a Water. 
830 0 |a Molecular biology, biochemistry, and biophysics ;  |v v. 20. 
999 |a MARS 
999 f f |s c5ac17bf-d158-339a-ae9e-9265aa4e5135  |i 7953b667-592d-3f8e-970c-8043b0f200a7  |t 0 
952 f f |p ric  |a Texas A&M University  |b Rellis Campus  |c Joint Library Facility  |d Remote Storage  |t 0  |e QR467 .L38  |h Library of Congress classification  |i unmediated -- volume  |m A14805045599 
998 f f |a QR467 .L38  |t 0  |l Remote Storage